Personnalités travesties en femme - Statistiques

Statistiques générales
  • Ce quiz a été pris 59 fois
  • Le résultat moyen est 12 sur 16
Statistiques - réponses
Par images Hint Réponse % Correct
Humoriste français - Les restos du coeur Coluche
96%
Humoriste français - Camping Franck Dubosc
96%
Humoriste français - Ducobu Elie Semoun
93%
Humoriste français - Chouchou - Le blond Gad Elmaleh
93%
Acteur français - Qu'est-ce qu'on a fait au bon Dieu ? Christian Clavier
87%
Les Inconnus - Les 3 frères Didier Bourdon
87%
Chanteur français - Les lacs du Connemara Michel Sardou
87%
Animateur français - Miss France Jean-Pierre Foucault
84%
Acteur français -Jean-Claude Dusse Michel Blanc
84%
Acteur américain - Mrs Doubfire - Le cercle des poètes disparus Robin Williams
80%
Humoriste français - Mme Sarfati - La vérité si je mens Elie Kakou
71%
Humoriste français - Super papa Ahmed Sylla
62%
Pr Foldingue - Le flic de Beverly Hills Eddy Murphy
53%
Acteur américain - Tootsie - Rain Man Dustin Hoffman
49%
Acteur français - Les garçons et Guillaume, à table ! Guillaume Gallienne
47%
Catherine et Liliane - HPI Bruno Sanchez
18%
Aucun quiz correspondant
Distribution des résultats
% des personnes avec chaque résultat
Percentile par nombre de réponses
Votre historique - résultats
Vous n’avez pas pris ce quiz